000 01005nas a2200325 4500
001 BR0900529
003 BR-BrBNA
005 20231205113034.0
007 ta
008 230509b bl.|||p| |||| 00| 00por d
040 _aBR-BrBNA
_bpor
_cBiblioteca Nacional de Agricultura
041 _a(Pt)
072 _aL50
100 1 _aFeitosa, F.L.F.
100 1 _aMendes, L.C.N.
100 1 _aPeiró, J.R.
100 1 _aCadioli, F.A.
100 1 _aYanaka, R.
100 1 _aBovino, F.
100 1 _aFéres, F.C.
100 1 _aPerri, S.H.V.
245 1 _aInfluência da faixa etária nos valores de enzimas hepáticas e de uréia e creatinina em bezerros holandeses do nascimento até os 365 dias de vida
650 _aBIOQUÍMICA
650 _aURÉIA
650 _aCREATININA
650 _aBOVINO
773 0 _tCiência Veterinária nos Trópicos (Brazil)
_xISSN 1415-6326
_g(May-Dec 2007), v. 10(2-3) p. 54-61
_wBR0900529
909 _a202311
_bLúcia
_c55
_dLúcia Elande
942 _2AGRIS
_n0
_cANA
999 _c201472
_d201472